<?xml version="1.0" encoding="UTF-8"?>
<record
    xmlns:xsi="http://www.w3.org/2001/XMLSchema-instance"
    xsi:schemaLocation="http://www.loc.gov/MARC21/slim http://www.loc.gov/standards/marcxml/schema/MARC21slim.xsd"
    xmlns="http://www.loc.gov/MARC21/slim">

  <leader>01312nam a2200193 a 4500</leader>
  <controlfield tag="001">000016929</controlfield>
  <controlfield tag="005">20200929165002.0</controlfield>
  <controlfield tag="008">100312s1986    dr a          000 0 spa d</controlfield>
  <datafield tag="040" ind1=" " ind2=" ">
    <subfield code="a">DO-SdBNP</subfield>
    <subfield code="b">spa</subfield>
    <subfield code="c">BNPHU</subfield>
  </datafield>
  <datafield tag="082" ind1=" " ind2=" ">
    <subfield code="a">570</subfield>
    <subfield code="b">G633i</subfield>
  </datafield>
  <datafield tag="100" ind1="1" ind2=" ">
    <subfield code="a">G&#xF3;mez, J. Desiderio</subfield>
    <subfield code="9">36763</subfield>
  </datafield>
  <datafield tag="245" ind1="1" ind2="0">
    <subfield code="a">Introducci&#xF3;n a la biolog&#xED;a /</subfield>
    <subfield code="c">J. Desiderio G&#xF3;mez.</subfield>
  </datafield>
  <datafield tag="260" ind1=" " ind2=" ">
    <subfield code="a">Santo Domingo :</subfield>
    <subfield code="b">Alfa &amp; Omega,</subfield>
    <subfield code="c">1986.</subfield>
  </datafield>
  <datafield tag="300" ind1=" " ind2=" ">
    <subfield code="a">294 p. :</subfield>
    <subfield code="b">il. ;</subfield>
    <subfield code="c">28 cm.</subfield>
  </datafield>
  <datafield tag="500" ind1=" " ind2=" ">
    <subfield code="a">Incluye &#xED;ndice alfabetico</subfield>
  </datafield>
  <datafield tag="505" ind1="2" ind2=" ">
    <subfield code="a">Origen y organizaci&#xF3;n de la vida -- La naturaleza -- Bases qu&#xED;micas de la vida -- Biolog&#xED;a celular -- Energ&#xED;a biol&#xF3;gica -- Metabolismo -- Fotos&#xED;ntesis -- Respiraci&#xF3;n -- Nutrici&#xF3;n heterotrofa -- Continuidad de los organismos vivos -- Reproducci&#xF3;n -- Desarrollo embrionario -- Los tejidos -- Biolog&#xED;a de los organismos superiores -- La estructura org&#xE1;nica -- Sistema respiratorio -- Sistema nervioso -- Sistema reproductor -- Sistema digestivo -- Sistema esquel&#xE9;tico -- Sistema protector -- Sistema muscular -- Sistema excretor -- Sistema circulatorio -- Biolog&#xED;a de los vegetales -- La herencia -- Evoluci&#xF3;n -- Los organismos vivos y su ambiente -- Ecolog&#xED;a general -- Ecolog&#xED;a dominicana -- Recursos naturales de Rep&#xFA;blica Dominicana.</subfield>
  </datafield>
  <datafield tag="650" ind1=" " ind2="4">
    <subfield code="a">Biolog&#xED;a</subfield>
    <subfield code="x">Libros de texto</subfield>
    <subfield code="9">37432</subfield>
  </datafield>
  <datafield tag="049" ind1=" " ind2=" ">
    <subfield code="a">BNPD</subfield>
  </datafield>
  <datafield tag="952" ind1=" " ind2=" ">
    <subfield code="0">0</subfield>
    <subfield code="1">0</subfield>
    <subfield code="7">1</subfield>
    <subfield code="8">PD</subfield>
    <subfield code="a">PD</subfield>
    <subfield code="b">PD</subfield>
    <subfield code="c">CT</subfield>
    <subfield code="d">2010-03-12</subfield>
    <subfield code="i">LF1</subfield>
    <subfield code="l">0</subfield>
    <subfield code="o">570 G633i</subfield>
    <subfield code="p">16929-10</subfield>
    <subfield code="r">2020-06-25</subfield>
    <subfield code="w">2020-06-25</subfield>
    <subfield code="y">LFPD</subfield>
    <subfield code="Z">No se presta</subfield>
  </datafield>
  <datafield tag="999" ind1=" " ind2=" ">
    <subfield code="c">16461</subfield>
    <subfield code="d">16461</subfield>
  </datafield>
</record>
